000 01252cam a22002174a 4500
005 20250605163439.0
008 250528s ||||||||||||||||||||||||d
035 _a19407
020 _a9603510173
040 _aGR-AtMCL
_bgre
_dGR-AtMCL
_eAACR2
245 1 _aΣΥΜΠΕΡΙΦΟΡΑ ΚΑΤΑΝΑΛΩΤΗ & ΣΤΡΑΤΗΓΙΚΗ ΜΑΡΚΕΤΙΝΓΚ ΤΟΜΟΣ Α
250 _a1
260 _bΑ.Σταμουλης,
_c1994
300 _a460
505 0 _aΕΙΣΑΓΩΓΗ ΣΤΗ ΣΥΜΠΕΡΙΦΟΡΑ ΤΟΥ ΚΑΤΑΝΑΛΩΤΗ ΔΙΑΔΙΚΑΣΙΑ ΛΗΨΗΣ ΑΠΟΦΑΣΕΩΝ ΚΑΤΑΝΑΛΩΤΗ ΑΝΑΜΙΞΗ ΚΑΤΑΝΑΛΩΤΗ ΜΕ ΤΟ ΠΡΟΪΏΝ ΑΝΤΙΛΗΨΗ ΚΑΤΑΝΑΛΩΤΗ ΚΑΙ ΣΤΡΑΤΗΓΙΚΗ ΜΑΡΚΕΤΙΝΓΚ ΤΜΗΜΑΤΟΠΟΙΗΣΗ ΑΓΟΡΑΣ
520 _aΕΙΣΑΓΩΓΗ ΣΤΗ ΣΥΜΠΕΡΙΦΟΡΑ ΤΟΥ ΚΑΤΑΝΑΛΩΤΗ ΔΙΑΔΙΚΑΣΙΑ ΛΗΨΗΣ ΑΠΟΦΑΣΕΩΝ ΚΑΤΑΝΑΛΩΤΗ ΑΝΑΜΙΞΗ ΚΑΤΑΝΑΛΩΤΗ ΜΕ ΤΟ ΠΡΟΪΏΝ ΑΝΤΙΛΗΨΗ ΚΑΤΑΝΑΛΩΤΗ ΚΑΙ ΣΤΡΑΤΗΓΙΚΗ ΜΑΡΚΕΤΙΝΓΚ ΤΜΗΜΑΤΟΠΟΙΗΣΗ ΑΓΟΡΑΣ
700 1 _aΣιωμκος Γεωργιος Ι
942 _cBK
999 _c4663
_d4663